|
|
|
|
| LEADER |
00000naa2a2200000 4500 |
| 001 |
251754 |
| 005 |
20231031213609.0 |
| 035 |
|
|
|a (RuTPU)RU\TPU\book\274063
|
| 035 |
|
|
|a RU\TPU\book\274062
|
| 090 |
|
|
|a 251754
|
| 100 |
|
|
|a 20140224d1989 k y0rusy50 ca
|
| 101 |
0 |
|
|a rus
|
| 102 |
|
|
|a RU
|
| 200 |
1 |
|
|a Математическое моделирование и прогнозирование возможности потенциометрического титрования смесей электролитов заряженного типа, а также заряженного и незаряженного типа в различных растворителях
|f Т. А. Худякова [и др.]
|
| 463 |
|
0 |
|0 (RuTPU)RU\TPU\book\270153
|t Электрохимические методы анализа
|o тезисы III Всесоюзной конференции по электрохимическим методам анализа
|v С. 384-385
|d 1989
|p 482 с.
|
| 610 |
1 |
|
|a математическое моделирование
|
| 610 |
1 |
|
|a математическое прогнозирование
|
| 610 |
1 |
|
|a потенциометрическое титрование
|
| 610 |
1 |
|
|a смеси
|
| 610 |
1 |
|
|a электролиты
|
| 610 |
1 |
|
|a растворители
|
| 610 |
1 |
|
|a труды учёных ТПУ
|
| 701 |
|
1 |
|a Худякова
|b Т. А.
|
| 701 |
|
1 |
|a Арбатский
|b А. П.
|
| 701 |
|
1 |
|a Рыбакова
|b Л. Г.
|
| 701 |
|
1 |
|a Хвощева
|b С. М.
|
| 801 |
|
1 |
|a RU
|b 63413507
|c 20050721
|g PSBO
|
| 801 |
|
2 |
|a RU
|b 63413507
|c 20140224
|g PSBO
|
| 942 |
|
|
|c BK
|